| 000 | 00350nam a2200121Ia 4500 | ||
|---|---|---|---|
| 008 | 210430s9999 xx 000 0 und d | ||
| 082 | _a355.0019 K2911K | ||
| 100 |
_aAnthony Kellett _920505 |
||
| 245 |
_aCombat Motivation The Behavior of Soldiers in Battle / _cAnthony Kellett |
||
| 260 |
_aLondon _bKluwer _c1982 |
||
| 300 | _a362 | ||
| 942 |
_cBK _2ddc |
||
| 999 |
_c565277 _d565277 |
||